Giraffes can't dance / (Record no. 2539)

MARC details
000 -LEADER
fixed length control field 02825cam a2200793 i 4500
001 - CONTROL NUMBER
control field 2539
003 - CONTROL NUMBER IDENTIFIER
control field FISKH
005 - DATE AND TIME OF LATEST TRANSACTION
control field 20231214152257.0
008 - FIXED-LENGTH DATA ELEMENTS--GENERAL INFORMATION
fixed length control field 220711t20011999nyua a 000 1 eng
010 ## - LIBRARY OF CONGRESS CONTROL NUMBER
LC control number 00066586
020 ## - INTERNATIONAL STANDARD BOOK NUMBER
International Standard Book Number 9780439027298
Qualifying information (CD)
020 ## - INTERNATIONAL STANDARD BOOK NUMBER
International Standard Book Number 708431211131
024 8# - OTHER STANDARD IDENTIFIER
Standard number or code DLW2162
035 ## - SYSTEM CONTROL NUMBER
System control number (OCoLC)ocm45463390
037 ## - SOURCE OF ACQUISITION
Source of stock number/acquisition Scholastic, Po Box 7502, Jefferson City, MO, USA, 65102
Note SAN 860-0023
040 ## - CATALOGING SOURCE
Original cataloging agency DLC
Language of cataloging eng
Transcribing agency DLC
Modifying agency DLC
042 ## - AUTHENTICATION CODE
Authentication code lcac
-- lccopycat
050 00 - LIBRARY OF CONGRESS CALL NUMBER
Classification number PZ8.3.A54865
Item number Gi 2001
060 #4 - NATIONAL LIBRARY OF MEDICINE CALL NUMBER
Classification number And
082 04 - DEWEY DECIMAL CLASSIFICATION NUMBER
Classification number PZ8.A54865
Edition number 21
084 ## - OTHER CLASSIFICATION NUMBER
Classification number 823.92
Number source clc
100 1# - MAIN ENTRY--PERSONAL NAME
Personal name Andreae, Giles,
Dates associated with a name 1966-
245 10 - TITLE STATEMENT
Title Giraffes can't dance /
Statement of responsibility, etc. by Giles Andreae ; illustrated by Guy Parker-Rees.
246 3# - VARYING FORM OF TITLE
Title proper/short title Giraffes cannot dance
250 ## - EDITION STATEMENT
Edition statement This edition published in 2009
260 ## - PUBLICATION, DISTRIBUTION, ETC.
Place of publication, distribution, etc. Emeryville :
Name of publisher, distributor, etc. Scholastic,
Date of publication, distribution, etc. 1999
300 ## - PHYSICAL DESCRIPTION
Extent 20 unnumbered pages :
Other physical details color illustrations ;
Dimensions 24 cm
336 ## - CONTENT TYPE
Content type term text
Content type code txt
Source rdacontent
336 ## - CONTENT TYPE
Content type term still image
Content type code sti
Source rdacontent
337 ## - MEDIA TYPE
Media type term unmediated
Media type code n
Source rdamedia
338 ## - CARRIER TYPE
Carrier type term volume
Carrier type code nc
Source rdacarrier
505 ## - FORMATTED CONTENTS NOTE
Formatted contents note N<br/>
520 ## - SUMMARY, ETC.
Summary, etc. Gerald the giraffe is too clumsy to dance with all the other animals at the Jungle Dance, until he finds the right music.
521 8# - TARGET AUDIENCE NOTE
Target audience note 570
Source Lexile AD <br/>
521 8# - TARGET AUDIENCE NOTE
Target audience note N<br/>
Source Raz-Plus <br/>
650 #0 - SUBJECT ADDED ENTRY--TOPICAL TERM
Topical term or geographic name entry element Children's stories, English.
650 #0 - SUBJECT ADDED ENTRY--TOPICAL TERM
Topical term or geographic name entry element Giraffe
Form subdivision Fiction.
650 #0 - SUBJECT ADDED ENTRY--TOPICAL TERM
Topical term or geographic name entry element Dance
Form subdivision Fiction.
650 #0 - SUBJECT ADDED ENTRY--TOPICAL TERM
Topical term or geographic name entry element Individuality
Form subdivision Fiction.
650 #1 - SUBJECT ADDED ENTRY--TOPICAL TERM
Topical term or geographic name entry element Giraffes
Form subdivision Fiction.
650 #1 - SUBJECT ADDED ENTRY--TOPICAL TERM
Topical term or geographic name entry element Dance
Form subdivision Fiction.
650 #1 - SUBJECT ADDED ENTRY--TOPICAL TERM
Topical term or geographic name entry element Individuality
Form subdivision Fiction.
650 #6 - SUBJECT ADDED ENTRY--TOPICAL TERM
Topical term or geographic name entry element Histoires pour enfants anglaises.
650 #6 - SUBJECT ADDED ENTRY--TOPICAL TERM
Topical term or geographic name entry element Girafes
Form subdivision Romans, nouvelles, etc.
650 #6 - SUBJECT ADDED ENTRY--TOPICAL TERM
Topical term or geographic name entry element Danse
Form subdivision Romans, nouvelles, etc.
650 #6 - SUBJECT ADDED ENTRY--TOPICAL TERM
Topical term or geographic name entry element Individualité
Form subdivision Romans, nouvelles, etc.
650 #7 - SUBJECT ADDED ENTRY--TOPICAL TERM
Topical term or geographic name entry element Children's stories, English.
Source of heading or term fast
Authority record control number or standard number (OCoLC)fst00856704
650 #7 - SUBJECT ADDED ENTRY--TOPICAL TERM
Topical term or geographic name entry element Dance.
Source of heading or term fast
Authority record control number or standard number (OCoLC)fst00887402
650 #7 - SUBJECT ADDED ENTRY--TOPICAL TERM
Topical term or geographic name entry element Giraffe.
Source of heading or term fast
Authority record control number or standard number (OCoLC)fst00942809
650 #7 - SUBJECT ADDED ENTRY--TOPICAL TERM
Topical term or geographic name entry element Individuality.
Source of heading or term fast
Authority record control number or standard number (OCoLC)fst00970343
650 #7 - SUBJECT ADDED ENTRY--TOPICAL TERM
Topical term or geographic name entry element Giraffes
Form subdivision Fiction.
Source of heading or term sears
650 #7 - SUBJECT ADDED ENTRY--TOPICAL TERM
Topical term or geographic name entry element Giraffe
Form subdivision Fiction.
Source of heading or term sears
650 #7 - SUBJECT ADDED ENTRY--TOPICAL TERM
Topical term or geographic name entry element Individuality
Form subdivision Fiction.
Source of heading or term sears
650 #7 - SUBJECT ADDED ENTRY--TOPICAL TERM
Topical term or geographic name entry element Stories in rhyme.
Source of heading or term sears
650 #7 - SUBJECT ADDED ENTRY--TOPICAL TERM
Topical term or geographic name entry element Dance
Form subdivision Fiction.
Source of heading or term sears
655 #0 - INDEX TERM--GENRE/FORM
Genre/form data or focus term Picture books for children.
655 #1 - INDEX TERM--GENRE/FORM
Genre/form data or focus term Stories in rhyme.
655 #1 - INDEX TERM--GENRE/FORM
Genre/form data or focus term Picture books for children.
655 #7 - INDEX TERM--GENRE/FORM
Genre/form data or focus term Juvenile works.
Source of term fast
Authority record control number or standard number (OCoLC)fst01411637
655 #7 - INDEX TERM--GENRE/FORM
Genre/form data or focus term Picture books.
Source of term fast
Authority record control number or standard number (OCoLC)fst01726789
655 #7 - INDEX TERM--GENRE/FORM
Genre/form data or focus term Stories in rhyme.
Source of term fast
Authority record control number or standard number (OCoLC)fst01921738
655 #7 - INDEX TERM--GENRE/FORM
Genre/form data or focus term Fiction.
Source of term fast
Authority record control number or standard number (OCoLC)fst01423787
655 #7 - INDEX TERM--GENRE/FORM
Genre/form data or focus term Picture books for children.
Source of term gsafd
655 #7 - INDEX TERM--GENRE/FORM
Genre/form data or focus term Stories in rhyme.
Source of term lcgft
655 #7 - INDEX TERM--GENRE/FORM
Genre/form data or focus term Histoires rimées.
Source of term rvmgf
700 1# - ADDED ENTRY--PERSONAL NAME
Personal name Parker-Rees, Guy,
Relator term illustrator.
906 ## - LOCAL DATA ELEMENT F, LDF (RLIN)
a 7
b cbc
c copycat
d 2
e ncip
f 20
g y-gencatlg
942 ## - ADDED ENTRY ELEMENTS (KOHA)
Source of classification or shelving scheme Dewey Decimal Classification
Koha item type Books
Suppress in OPAC No
Holdings
Withdrawn status Lost status Source of classification or shelving scheme Damaged status Not for loan Collection Home library Current library Shelving location Date acquired Total Checkouts Full call number Barcode Date due Date last seen Date last checked out Copy number Price effective from Koha item type
    Dewey Decimal Classification     Juvenile Fiction Footprints International School Library Network Toul Kork Campus Footprints International School Library Network Toul Kork Campus TK Primary Library Room(4th Floor), Bookcase 3&4, Shelves 17-32, Yellow Books 12/14/2023 1 AND 823.92 PZ8.A54865 2023-0777 04/17/2026 04/03/2026 04/03/2026 1 12/14/2023 Books
    Dewey Decimal Classification     Juvenile Fiction Footprints International School Library Network Toul Kork Campus Footprints International School Library Network Toul Kork Campus TK Primary Library Room(4th Floor), Bookcase 3&4, Shelves 17-32, Yellow Books 12/14/2023 1 AND 823.92 PZ8.A54865 2023-0778   12/19/2025 10/31/2025 2 12/14/2023 Books